000 00510nam a2200181Ia 4500
003 LK-CoDNM
005 20230824103918.0
008 t1870 A.C. xxu||||| |||| 00| 0 sin d
040 _aLK-CoDNM
_dLK-CoDNM
_eLK-CoDNM
041 _asin
_aPali
080 _aV.2
245 _aඋපාසක ජනාලංකාරය
246 _aUpasaka Janalankaraya
260 _c1870 A.C.
300 _aPalm leaf,Foll 72,22in.x2 1/4in.
500 _aA Pali work on the duties of a Buddhist Upasaka
942 _cPL
999 _c77859
_d77859